Anime par image (très facile) - Statistiques

Statistiques générales
  • Ce quiz a été pris 108 fois
  • Le résultat moyen est 14 sur 16
Statistiques - réponses
Par images Réponse % Correct
Naruto
100%
One piece
99%
Dragon Ball
98%
Pokemon
97%
Bleach
92%
One punch man
92%
Hunter X Hunter
91%
Boku no Hero Academia
90%
Kimetsu no Yaiba
90%
Shingeki no Kyojin
89%
Death Note
87%
Jujutsu Kaisen
87%
Fairy Tail
81%
Fullmetal Alchemist
76%
Haikyuu!!
73%
Neon Genesis Evangelion
58%
Aucun quiz correspondant
Distribution des résultats
% des personnes avec chaque résultat
Percentile par nombre de réponses
Votre historique - résultats
Vous n’avez pas pris ce quiz